000
00291nam a2200109Ia 4500
008
190216s9999||||xx |||||||||||||| ||und||
100
_a
Venkida Subba Rao
245
0
_a
Satharana Janangalum Niyamavum
260
_b
"Sree Ram Vilas Press & Book Depot,Quilon"
650
_a
Padanam
942
_c
BK
999
_c
24992
_d
24992